000 00303nam a22001337a 4500
008 170714b xxu||||| |||| 00| 0 eng d
020 _a0877790418
041 _aeng
080 _a038
100 _a26
101 _aFJA
245 _aWEBSTER'S NEW DICTIONARY OF SYNONYMS
_cWEBSTER, M
942 _2udc
_cBK
999 _c20934
_d20934